01227nam a22002537a 450000100060000000300080000600500170001400800410003103500190007204000350009104100080012608200300013410000330016424502210019726000840041830000370050250200890053950400340062865000850066270000450074794200130079299900170080595201510082282280BD-RjUL20240121102316.0231113s2015 bg a|||| m||| 00| 0 eng d a(BD-RjUL)82280 aBD-RjULbengcBD-RjULdBD-RjUL aeng 223a320.8095492bCHI 2015 aChowdhury, Mst Shuvrs91003110aImpact of 'the local government (Union Parishad) Act, 2009' on the local governance in Bangladesh : bA focus on People's participation and accountability /cMst. Shuvrs Chowdhury ;6Supervisor : Pranab Kumar Panday. aRajshahi :bDepartment of Public Administration, University of Rajshahi,c2015. axx, 294 leaves :bill, ;c29.cm. aThesis (Ph. D.) -- Department of Public Administration, University of Rajshahi, 2015 aReferences : Leaves 234 - 252 aLocal governmentvPolitical science (Politics and government)zBangladesh910032 aPanday, Pranab, Kumar, Supervisor 97467 2ddccTHE c82280d82280 102ddc40718THESESaRUCLbRUCLcDoc/Thed2016-04-16eController of Exam. R.U.l0oTHE 320.8095492 CHI 2015pD3897r2023-11-13 00:00:00tC-1yTHE